| 000 | 00488 a2200145 4500 | ||
|---|---|---|---|
| 040 |
_aDLC _bDLC |
||
| 100 | 1 | _aLasher, William R. | |
| 245 | 0 | 0 |
_aPractical financial management _cWilliam R. Lasher. |
| 250 | _a3rd ed. | ||
| 260 |
_aCincinnati, Ohio : _bSouth-Western/Thomson Learning, _c2002. |
||
| 300 |
_axxvii, 676 p. : _bill. ; _c26 cm. +e1 computer optical disc (4 3/4 in.) |
||
| 650 | 0 |
_aBusiness enterprises _xFinance. |
|
| 650 | 0 |
_aCorporations _xFinance. |
|
| 942 |
_cBK _k658.15 LAS _2ddc |
||
| 999 |
_c9823 _d9823 |
||